[Event "Dublin Easter IM"]
[Site "Dublin"]
[Date "2025.04.20"]
[Round "6"]
[White "Venkatesan, Kavin"]
[Black "Flynn, Jacob"]
[Result "1/2-1/2"]
[WhiteElo "2208"]
[BlackElo "2216"]
[PlyCount "47"]
[EventDate "2025.04.17"]
[EventType "tourn"]
[EventRounds "9"]
[EventCountry "IRL"]
[SourceTitle "CB17_2025"]
[SourceDate "2025.04.23"]
[SourceVersion "1"]
[SourceVersionDate "2025.04.23"]
[SourceQuality "1"]

1. d4 d5 2. c4 e6 3. Nc3 Nf6 4. cxd5 exd5 5. Bg5 c6 6. e3 h6 7. Bh4 Be7 8. Bd3 0-0 9. Nf3 Ne4 10. Bxe7 Qxe7 11. Bxe4 dxe4 12. Nd2 Bf5 13. 0-0 Nd7 14. f3 exf3 15. Qxf3 Bg6 16. a3 Rad8 17. Rad1 Nf6 18. Qf4 Rfe8 19. Nc4 Ne4 20. Nxe4 Qxe4 21. Qxe4 Bxe4 22. Ne5 f6 23. Nd3 Re7 24. Rfe1 1/2-1/2

[Event "Dublin Easter IM"]
[Site "Dublin"]
[Date "2025.04.19"]
[Round "5"]
[White "Ivanov, Andrey A2"]
[Black "Venkatesan, Kavin"]
[Result "1/2-1/2"]
[WhiteElo "2127"]
[BlackElo "2208"]
[PlyCount "120"]
[EventDate "2025.04.17"]
[EventType "tourn"]
[EventRounds "9"]
[EventCountry "IRL"]
[SourceTitle "CB17_2025"]
[SourceDate "2025.04.23"]
[SourceVersion "1"]
[SourceVersionDate "2025.04.23"]
[SourceQuality "1"]

1. Nf3 d5 2. d4 Nf6 3. c4 e6 4. Nc3 dxc4 5. e3 a6 6. Bxc4 b5 7. Bd3 Bb7 8. a3 c5 9. 0-0 Nbd7 10. Qe2 Be7 11. Rd1 Qc7 12. e4 cxd4 13. Nxd4 0-0 14. Bg5 Bc5 15. Nb3 Bd6 16. h3 h6 17. Bxf6 Nxf6 18. Rac1 Qb8 19. Na5 Be5 20. Nxb7 Qxb7 21. g3 Rfc8 22. Kh2 Bxc3 23. Rxc3 Rxc3 24. bxc3 e5 25. Rc1 Qe7 26. c4 Qxa3 27. Rb1 Rd8 28. Rd1 Qc5 29. cxb5 axb5 30. Rb1 b4 31. Bc4 Rb8 32. Qc2 Kf8 33. Qe2 Qd4 34. f3 Qc5 35. Bb3 Rd8 36. Rd1 Rxd1 37. Qxd1 Qd4 38. Qc2 Qc3 39. Qa2 Qc7 40. Qa8+ Ke7 41. Qa2 Ke8 42. Qa8+ Ke7 43. Qa2 Qc3 44. Bxf7 Qxf3 45. Qe6+ Kf8 46. Bg6 Qf2+ 47. Kh1 Qf1+ 48. Kh2 Qf2+ 49. Kh1 Qe1+ 50. Kh2 Qe2+ 51. Kh1 Qd1+ 52. Kh2 Qd2+ 53. Kh1 Qd1+ 54. Kh2 Qc2+ 55. Kh1 Qc1+ 56. Kh2 Qc2+ 57. Kh1 Qc7 58. Qb3 Qe7 59. Qc4 Ne8 60. Qb5 Nf6 1/2-1/2

[Event "Isle of Wight op"]
[Site "Ryde"]
[Date "2025.02.18"]
[Round "2"]
[White "Beerdsen, Thomas"]
[Black "Venkatesan, Kavin"]
[Result "1/2-1/2"]
[WhiteElo "2511"]
[BlackElo "2227"]
[PlyCount "53"]
[EventDate "2025.02.18"]
[EventType "swiss"]
[EventRounds "9"]
[EventCountry "ENG"]
[SourceTitle "CB09_2025"]
[SourceDate "2025.02.27"]
[SourceVersion "1"]
[SourceVersionDate "2025.02.27"]
[SourceQuality "1"]

1. e4 c5 2. Nf3 d6 3. d4 cxd4 4. Nxd4 Nf6 5. Nc3 a6 6. Be3 e5 7. Nf3 Be7 8. Bc4 0-0 9. 0-0 Qc7 10. Bb3 Nc6 11. Qe2 Be6 12. Rfd1 Rac8 13. Bg5 Na5 14. Bxf6 Bxf6 15. Nd5 Bxd5 16. Rxd5 Nxb3 17. cxb3 Be7 18. Rad1 f5 19. exf5 Rxf5 20. b4 Rf4 21. b5 Qc4 22. Qxc4 Rfxc4 23. bxa6 bxa6 24. g3 Kf7 25. Ra5 R8c6 26. b3 Rc2 27. Kf1 1/2-1/2

[Event "Sant Boi de Llobregat op 5th"]
[Site "Sant Boi de Llobregat"]
[Date "2024.12.06"]
[Round "8"]
[White "Ruiz Buendia, Miguel"]
[Black "Venkatesan, Kavin"]
[Result "1-0"]
[WhiteElo "2310"]
[BlackElo "2244"]
[PlyCount "65"]
[EventDate "2024.11.29"]
[EventType "swiss"]
[EventRounds "10"]
[EventCountry "ESP"]
[SourceTitle "CB50_2024"]
[SourceDate "2024.11.01"]
[SourceVersion "1"]
[SourceVersionDate "2024.11.01"]
[SourceQuality "2"]

1. e4 c5 2. Nf3 d6 3. d4 cxd4 4. Nxd4 Nf6 5. Nc3 a6 6. Rg1 g6 7. g4 Bg7 8. g5 Nfd7 9. Be3 Nc6 10. Qd2 Qa5 11. 0-0-0 Nc5 12. Kb1 Bd7 13. Rg3 b5 14. Nxc6 Bxc6 15. Bd4 Ne6 16. Bxg7 Nxg7 17. f4 0-0-0 18. a4 bxa4 19. Qf2 Ne6 20. Qa7 Qc7 21. Qxa6+ Qb7 22. Qa5 Qc7 23. Qb4 Kd7 24. f5 Ng7 25. f6 Ne6 26. Nd5 Rb8 27. Qc3 Qb7 28. fxe7 Rhc8 29. Qa3 Bxd5 30. exd5 Nf4 31. Qxa4+ Kxe7 32. Rb3 Qc7 33. Rxb8 1-0

[Event "Sant Boi de Llobregat op 5th"]
[Site "Sant Boi de Llobregat"]
[Date "2024.12.05"]
[Round "7"]
[White "Yang, Sung Jui"]
[Black "Venkatesan, Kavin"]
[Result "0-1"]
[WhiteElo "1904"]
[BlackElo "2244"]
[PlyCount "106"]
[EventDate "2024.11.29"]
[EventType "swiss"]
[EventRounds "10"]
[EventCountry "ESP"]
[SourceTitle "CB50_2024"]
[SourceDate "2024.11.01"]
[SourceVersion "1"]
[SourceVersionDate "2024.11.01"]
[SourceQuality "2"]

1. d4 Nf6 2. Nf3 e6 3. c4 d5 4. Nc3 dxc4 5. e4 b5 6. e5 Nd5 7. Nxb5 Nb6 8. Be2 Nc6 9. 0-0 Be7 10. Be3 0-0 11. Qc1 Nb4 12. Nc3 Ba6 13. Rd1 Rb8 14. a3 N4d5 15. Nxd5 exd5 16. b3 Qc8 17. bxc4 Bxc4 18. Bxc4 Nxc4 19. Bg5 Bxg5 20. Qxg5 Rb2 21. Nh4 h6 22. Qh5 Kh7 23. Nf5 Qe6 24. Rd3 Rfb8 25. h3 R8b3 26. Rg3 Rxg3 27. Nxg3 Qg6 28. Qf5 Qxf5 29. Nxf5 Rd2 30. Rb1 g6 31. Ne7 Rxd4 32. Rb7 Nxe5 33. Rxc7 Rd1+ 34. Kh2 d4 35. f4 Nd3 36. Rxa7 Nxf4 37. Nc6 Kg8 38. Ne5 Rd2 39. Rxf7 Rxg2+ 40. Kh1 Rf2 41. Rd7 Rd2 42. Ng4 Kf8 43. Nf6 Nh5 44. Nxh5 gxh5 45. a4 Ke8 46. Rd5 Ke7 47. a5 Ke6 48. Rxh5 d3 49. Rxh6+ Ke5 50. Rh8 Rc2 51. Re8+ Kf6 52. Re1 d2 53. Rf1+ Ke5 0-1

[Event "Sant Boi de Llobregat op 5th"]
[Site "Sant Boi de Llobregat"]
[Date "2024.12.04"]
[Round "6"]
[White "Venkatesan, Kavin"]
[Black "Munoz Pantoja, Miguel Angel"]
[Result "0-1"]
[WhiteElo "2244"]
[BlackElo "2336"]
[PlyCount "116"]
[EventDate "2024.11.29"]
[EventType "swiss"]
[EventRounds "10"]
[EventCountry "ESP"]
[SourceTitle "CB50_2024"]
[SourceDate "2024.11.01"]
[SourceVersion "1"]
[SourceVersionDate "2024.11.01"]
[SourceQuality "2"]

1. d4 Nf6 2. c4 e6 3. Nc3 Bb4 4. f3 c5 5. d5 b5 6. e4 bxc4 7. Bxc4 Bb7 8. dxe6 fxe6 9. Bg5 h6 10. Bh4 g5 11. Bg3 d5 12. exd5 exd5 13. Bb5+ Bc6 14. Bxc6+ Nxc6 15. a3 Ba5 16. Qa4 Qb6 17. 0-0-0 Bxc3 18. bxc3 Kf7 19. h4 Rab8 20. Bxb8 Rxb8 21. Kd2 Ne5 22. Ke1 g4 23. Qf4 Re8 24. Ne2 c4 25. Qd4 Nd3+ 26. Rxd3 cxd3 27. Qxd3 Re3 28. Qd2 gxf3 29. gxf3 Rxf3 30. Rf1 Qb1+ 31. Qc1 Qxc1+ 32. Nxc1 Rxc3 33. Kd2 Rxa3 34. Nd3 Ke7 35. Kc2 Ne4 36. Nb4 Ke6 37. Rf8 a5 38. Na6 Rc3+ 39. Kb2 Rc6 40. Nb8 Rb6+ 41. Ka3 d4 42. Re8+ Kf5 43. Nd7 Rd6 44. Ne5 d3 45. Nc4 d2 46. Ne3+ Kf4 47. Nd1 Rc6 48. Rf8+ Kg3 49. Rd8 Kf3 50. Rd4 Rc1 51. Nb2 Ke3 52. Rd8 Nc5 53. Ka2 Na4 54. Re8+ Kf3 55. Rf8+ Kg3 56. Rg8+ Kh3 57. Nd3 Ra1+ 58. Kb3 d1Q+ 0-1

[Event "EU-ch U16"]
[Site "Prague"]
[Date "2024.08.28"]
[Round "6"]
[White "Venkatesan, Kavin"]
[Black "Smeets, Kobe"]
[Result "1/2-1/2"]
[WhiteElo "2202"]
[BlackElo "2322"]
[PlyCount "143"]
[EventDate "2024.08.22"]
[EventType "swiss"]
[EventRounds "9"]
[EventCountry "CZE"]
[SourceTitle "CBM 221 Extra"]
[Source "ChessBase"]
[SourceDate "2024.09.30"]
[SourceVersion "1"]
[SourceVersionDate "2024.09.30"]
[SourceQuality "1"]

1. d4 d5 2. c4 e6 3. Nc3 c6 4. e4 dxe4 5. Nxe4 Bb4+ 6. Bd2 Qxd4 7. Bxb4 Qxe4+ 8. Be2 Na6 9. Bd6 Qxg2 10. Bf3 Qg5 11. Ne2 Ne7 12. Ng3 0-0 13. Ne4 Qa5+ 14. b4 Qd8 15. Rg1 f6 16. Qc2 e5 17. Rd1 Nf5 18. b5 Qa5+ 19. Qd2 Qxd2+ 20. Rxd2 Nxd6 21. Rxd6 cxb5 22. Nxf6+ Kh8 23. Nd7 Bxd7 24. Bxb7 Nc5 25. Bxa8 Rxa8 26. cxb5 Bxb5 27. Rd5 Rc8 28. Kd2 Bc4 29. Rxe5 Bxa2 30. Ke3 Ne6 31. Ra5 Bb3 32. Rxa7 Re8 33. Rga1 Bd5 34. Rd1 Nc5+ 35. Kd4 Bf3 36. Rg1 Ne6+ 37. Ke3 Bd5 38. Rd1 Nf8+ 39. Kd4 Bf3 40. Rd3 Ne6+ 41. Kc3 Bg4 42. Re3 Bf5 43. Re5 g6 44. Rb5 Rc8+ 45. Kd2 Rd8+ 46. Kc3 Rc8+ 47. Kd2 Nd4 48. Rbb7 g5 49. Ke3 Ne6 50. Ra5 Re8 51. Re5 Ng7 52. Rxe8+ Nxe8 53. Rb5 Bg6 54. Rxg5 Kg7 55. Ra5 Nd6 56. Kf3 Nf7 57. Kg3 Bd3 58. Ra3 Bc4 59. Ra4 Be6 60. Ra6 Kf6 61. Rb6 Ne5 62. Rb7 Nf7 63. f3 Ng5 64. h4 Nf7 65. Kf4 h6 66. Rb6 Ne5 67. Rb5 Ng6+ 68. Kg3 Ne7 69. Ra5 Nf5+ 70. Kg4 Ng7+ 71. Kf4 Nf5 72. Kg4 1/2-1/2

[Event "Abu Dhabi Masters Online"]
[Site "Chess.com INT"]
[Date "2024.08.21"]
[Round "1"]
[White "Kukhmazov, Arsen"]
[Black "Venkatesan, Kavin"]
[Result "1-0"]
[WhiteElo "2480"]
[BlackElo "2202"]
[PlyCount "67"]
[EventDate "2024.08.21"]
[EventType "swiss (blitz)"]
[EventRounds "11"]
[EventCountry "UAE"]
[SourceTitle "CBM 221 Extra"]
[Source "ChessBase"]
[SourceDate "2024.09.30"]
[SourceVersion "1"]
[SourceVersionDate "2024.09.30"]
[SourceQuality "1"]

1. d4 Nf6 2. c4 e6 3. Nf3 Bb4+ 4. Nbd2 0-0 5. a3 Bxd2+ 6. Qxd2 d6 7. e3 Nbd7 8. b4 Qe7 9. Bb2 b6 10. Be2 Bb7 11. 0-0 Ne4 12. Qc2 f5 13. d5 e5 14. Nd2 Nxd2 15. Qxd2 Nf6 16. f3 Rae8 17. a4 f4 18. e4 Nh5 19. Qe1 Rf6 20. Qf2 Rg6 21. Rfc1 Bc8 22. c5 Ng3 23. hxg3 fxg3 24. Qe3 Qh4 25. Kf1 Rf8 26. cxb6 cxb6 27. Ke1 Bh3 28. Bf1 Bxg2 29. Bxg2 Qh2 30. Qe2 Rxf3 31. Bxf3 g2 32. Kd2 g1Q 33. Rxg1 Qf4+ 34. Qe3 1-0

[Event "IRL-ch 103rd"]
[Site "Dublin"]
[Date "2024.08.09"]
[Round "7"]
[White "Venkatesan, Kavin"]
[Black "Collins, Adam"]
[Result "1-0"]
[WhiteElo "2202"]
[BlackElo "2189"]
[PlyCount "143"]
[EventDate "2024.08.03"]
[EventType "swiss"]
[EventRounds "9"]
[EventCountry "IRL"]
[SourceTitle "CBM 221 Extra"]
[Source "ChessBase"]
[SourceDate "2024.09.30"]
[SourceVersion "1"]
[SourceVersionDate "2024.09.30"]
[SourceQuality "1"]

1. d4 d5 2. c4 e6 3. Nc3 Nf6 4. cxd5 exd5 5. Bg5 c6 6. e3 Bd6 7. Bd3 0-0 8. Nge2 Re8 9. h3 a5 10. 0-0 Na6 11. Rc1 Nc7 12. Qc2 h6 13. Bh4 Ne6 14. Rcd1 Bd7 15. f3 Ng5 16. Bxg5 hxg5 17. e4 Bc7 18. e5 Nh5 19. f4 gxf4 20. Nxf4 Nxf4 21. Rxf4 Qg5 22. Bh7+ Kf8 23. Nxd5 cxd5 24. Rdf1 Be6 25. Qxc7 Qe7 26. Qc3 Qb4 27. Bg6 Qxc3 28. bxc3 Re7 29. Bxf7 Rxf7 30. Rxf7+ Bxf7 31. e6 Re8 32. Rxf7+ Kg8 33. Rxb7 Rxe6 34. Rb5 a4 35. Ra5 Rc6 36. Rxa4 Rxc3 37. Ra5 Rc2 38. Rxd5 Rxa2 39. Rf5 Rd2 40. Rf4 Kh7 41. Rg4 g6 42. h4 Kh6 43. Kh2 Kh5 44. Kh3 Rd3+ 45. g3 Kh6 46. Kg2 g5 47. Rxg5 Rxd4 48. Kh3 Ra4 49. Rg4 Ra3 50. Rb4 Kh5 51. Rb5+ Kg6 52. h5+ Kh6 53. Kh4 Ra1 54. Rb6+ Kg7 55. g4 Ra4 56. h6+ Kh7 57. Kh5 Ra1 58. Rb7+ Kg8 59. g5 Ra5 60. Re7 Rb5 61. Kg6 Rb6+ 62. Kf5 Rb1 63. Kf6 Rf1+ 64. Kg6 Rf8 65. Re5 Kh8 66. Kh5 Ra8 67. g6 Rb8 68. Kg5 Ra8 69. Rc5 Rb8 70. h7 Kg7 71. Rc7+ Kh8 72. Kh6 1-0

[Event "IRL-ch 103rd"]
[Site "Dublin"]
[Date "2024.08.04"]
[Round "2"]
[White "Venkatesan, Kavin"]
[Black "Brozynski, Patryk"]
[Result "1-0"]
[WhiteElo "2202"]
[BlackElo "2057"]
[PlyCount "75"]
[EventDate "2024.08.03"]
[EventType "swiss"]
[EventRounds "9"]
[EventCountry "IRL"]
[SourceTitle "CBM 221 Extra"]
[Source "ChessBase"]
[SourceDate "2024.09.30"]
[SourceVersion "1"]
[SourceVersionDate "2024.09.30"]
[SourceQuality "1"]

1. d4 Nf6 2. c4 e6 3. Nc3 Bb4 4. e3 0-0 5. Bd3 d5 6. Nge2 b6 7. 0-0 Bb7 8. cxd5 Nxd5 9. e4 Nxc3 10. bxc3 Be7 11. Qc2 c5 12. Bf4 cxd4 13. cxd4 Nc6 14. Rad1 Rc8 15. Qb2 Nb4 16. Bb1 Ba6 17. Rfe1 Bd6 18. Bxd6 Qxd6 19. Ng3 Nc6 20. d5 Ne5 21. dxe6 Qxe6 22. Nf5 Qf6 23. Qa3 Bc4 24. Ne7+ Kh8 25. Nxc8 Rxc8 26. Qd6 Qxd6 27. Rxd6 g6 28. f4 Nc6 29. Bd3 Bxd3 30. Rxd3 Nb4 31. Rd7 Kg8 32. a3 Na2 33. Rxa7 Rc2 34. e5 Nc1 35. e6 fxe6 36. Rxe6 Ne2+ 37. Kf1 Nxf4 38. Re8# 1-0

[Event "Titled Tuesday intern op 23rd Jul Early"]
[Site "Chess.com INT"]
[Date "2024.07.23"]
[Round "3"]
[White "Chirivi Castiblanco, Jenny Astrid"]
[Black "Venkatesan, Kavin"]
[Result "0-1"]
[WhiteElo "2114"]
[BlackElo "2186"]
[PlyCount "120"]
[EventDate "2024.07.23"]
[EventType "swiss (blitz)"]
[EventRounds "11"]
[EventCountry "USA"]
[SourceTitle "EXT 2025"]
[Source "ChessBase"]
[SourceDate "2024.10.14"]
[SourceVersion "1"]
[SourceVersionDate "2024.10.14"]
[SourceQuality "1"]

1. d4 Nf6 2. c4 e6 3. Nc3 Bb4 4. Qc2 c5 5. dxc5 0-0 6. a3 Bxc5 7. Nf3 b6 8. Bf4 Bb7 9. e3 d6 10. Be2 e5 11. Bg3 Nbd7 12. 0-0 a5 13. Rfd1 Qe7 14. Rd2 Rac8 15. Rad1 e4 16. Nd4 Bxd4 17. Rxd4 Ne5 18. Rxd6 Nxc4 19. Bxc4 Rxc4 20. Rxb6 Rfc8 21. Qb3 Ba8 22. Rb8 R4c6 23. h3 h6 24. Rxc8+ Rxc8 25. Qb6 Qb7 26. Qxb7 Bxb7 27. Rd4 Kh7 28. Be5 Ne8 29. Nxe4 Rc1+ 30. Kh2 Rc2 31. b4 axb4 32. axb4 Bxe4 33. Rxe4 Rxf2 34. Bd4 Nd6 35. Re5 Rf1 36. Bc5 Nc4 37. Re7 Nd2 38. b5 Rb1 39. b6 Nf1+ 40. Kg1 Nxe3+ 41. Kf2 Nd5 42. Rxf7 Nxb6 43. Bxb6 Rxb6 44. Kg3 Rb3+ 45. Rf3 Rb5 46. Rf4 g5 47. Rc4 Rf5 48. Rc6 Kg7 49. h4 Rd5 50. hxg5 Rxg5+ 51. Kh3 Rf5 52. g3 Re5 53. Kg4 Re4+ 54. Kf5 Re7 55. Rg6+ Kh7 56. Rc6 Rg7 57. g4 Rg5+ 58. Kf4 Rg6 59. Kf5 Rxc6 60. Kf4 Kg6 0-1

[Event "Titled Tuesday intern op 23rd Jul Early"]
[Site "Chess.com INT"]
[Date "2024.07.23"]
[Round "7"]
[White "Tarasova, Viktoriya"]
[Black "Venkatesan, Kavin"]
[Result "0-1"]
[WhiteElo "2226"]
[BlackElo "2186"]
[PlyCount "86"]
[EventDate "2024.07.23"]
[EventType "swiss (blitz)"]
[EventRounds "11"]
[EventCountry "USA"]
[SourceTitle "EXT 2025"]
[Source "ChessBase"]
[SourceDate "2024.10.14"]
[SourceVersion "1"]
[SourceVersionDate "2024.10.14"]
[SourceQuality "1"]

1. d4 Nf6 2. c4 e6 3. Nc3 Bb4 4. e3 0-0 5. Nge2 b6 6. d5 exd5 7. cxd5 Bb7 8. a3 Bd6 9. g3 Re8 10. Bg2 Na6 11. 0-0 Nc5 12. f3 a5 13. e4 Ba6 14. Be3 Nd3 15. Rb1 Qe7 16. Nd4 Bc5 17. Qd2 Ne5 18. Rfd1 Nc4 19. Qf2 Nxe3 20. Qxe3 Qe5 21. Kh1 Nxd5 22. Nxd5 Qxd5 23. b4 axb4 24. axb4 Bf8 25. b5 Bb7 26. Qc3 Qc5 27. Qd2 Qh5 28. Nf5 Rad8 29. Rbc1 Bc5 30. Qf4 d6 31. h4 Bc8 32. Bh3 Bxf5 33. Bxf5 f6 34. Bg4 Qf7 35. Rd5 Be3 36. Qxe3 Qxd5 37. Rxc7 Qd1+ 38. Kg2 d5 39. Qxb6 dxe4 40. Be6+ Kh8 41. fxe4 Rd2+ 42. Kh3 Qh1+ 43. Kg4 Qxe4+ 0-1

[Event "Titled Tuesday intern op 23rd Jul Early"]
[Site "Chess.com INT"]
[Date "2024.07.23"]
[Round "8"]
[White "Venkatesan, Kavin"]
[Black "Baziuk, Vladyslav"]
[Result "0-1"]
[WhiteElo "2186"]
[BlackElo "2215"]
[PlyCount "96"]
[EventDate "2024.07.23"]
[EventType "swiss (blitz)"]
[EventRounds "11"]
[EventCountry "USA"]
[SourceTitle "EXT 2025"]
[Source "ChessBase"]
[SourceDate "2024.10.14"]
[SourceVersion "1"]
[SourceVersionDate "2024.10.14"]
[SourceQuality "1"]

1. b3 c5 2. Bb2 d6 3. Nf3 e5 4. d3 g6 5. g3 Bg7 6. Bg2 Ne7 7. 0-0 0-0 8. Nbd2 Nbc6 9. e3 e4 10. Bxg7 exf3 11. Bxf8 fxg2 12. Kxg2 Qxf8 13. f4 d5 14. a3 Qh6 15. g4 Qh4 16. f5 Ne5 17. h3 h5 18. Nf3 Nxf3 19. Qxf3 gxf5 20. gxf5 Bxf5 21. Qg3+ Qxg3+ 22. Kxg3 Kg7 23. Rf4 Be6 24. Rg1 Ng6 25. Rf2 b5 26. Kh2 a5 27. e4 dxe4 28. dxe4 a4 29. Rg5 axb3 30. cxb3 c4 31. Rxh5 cxb3 32. Rxb5 Rxa3 33. Rg2 Kf8 34. Rb6 Ke7 35. Rd2 Ne5 36. Kg2 Ra2 37. Rxa2 bxa2 38. Ra6 Nd3 39. Kf3 Nb4 40. Ra7+ Kf6 41. h4 Nc2 42. Kf4 a1Q 43. Rxa1 Nxa1 44. h5 Nb3 45. e5+ Kg7 46. Kg5 Nd4 47. h6+ Kh7 48. Kf6 Kxh6 0-1

[Event "Titled Tuesday intern op 16th Jul Late"]
[Site "Chess.com INT"]
[Date "2024.07.16"]
[Round "5"]
[White "Venkatesan, Kavin"]
[Black "Grinev, Valeriy"]
[Result "1/2-1/2"]
[WhiteElo "2186"]
[BlackElo "2422"]
[PlyCount "65"]
[EventDate "2024.07.16"]
[EventType "swiss (blitz)"]
[EventRounds "11"]
[EventCountry "USA"]
[SourceTitle "EXT 2025"]
[Source "ChessBase"]
[SourceDate "2024.10.14"]
[SourceVersion "1"]
[SourceVersionDate "2024.10.14"]
[SourceQuality "1"]

1. b3 b6 2. Bb2 Bb7 3. Nf3 Nf6 4. g3 g6 5. Bg2 Bg7 6. 0-0 0-0 7. c4 c5 8. Nc3 d5 9. Nxd5 Nxd5 10. Bxg7 Kxg7 11. cxd5 Qxd5 12. d3 Nc6 13. Qc2 Nd4 14. Qb2 f6 15. Nh4 Qd7 16. Bxb7 Qxb7 17. e3 Nf3+ 18. Nxf3 Qxf3 19. d4 cxd4 20. Qxd4 Rfd8 21. Qb4 Rd7 22. Rac1 Rad8 23. a4 h5 24. Qc4 Kf8 25. Qc2 Kf7 26. Qc4+ Kf8 27. Qc2 Kg7 28. b4 h4 29. Qc6 Rd5 30. Qe6 Re5 31. Qh3 hxg3 32. hxg3 Rd2 33. Rc7 1/2-1/2

[Event "Valencia Cuna op 5th"]
[Site "Valencia"]
[Date "2024.07.07"]
[Round "2"]
[White "Domingo Nunez, Ruben"]
[Black "Venkatesan, Kavin"]
[Result "1-0"]
[WhiteElo "2438"]
[BlackElo "2186"]
[PlyCount "75"]
[EventDate "2024.07.06"]
[EventType "swiss"]
[EventRounds "9"]
[EventCountry "ESP"]
[SourceTitle "CBM 221 Extra"]
[Source "ChessBase"]
[SourceDate "2024.09.30"]
[SourceVersion "1"]
[SourceVersionDate "2024.09.30"]
[SourceQuality "1"]

1. e4 c5 2. Nc3 Nc6 3. Nge2 e5 4. Ng3 d6 5. Bc4 Nf6 6. d3 Be7 7. 0-0 0-0 8. a3 a6 9. Ba2 b5 10. Nd5 Nxd5 11. Bxd5 Bd7 12. f4 exf4 13. Bxf4 Rc8 14. Qh5 Be6 15. Rf2 Bf6 16. c3 Ne5 17. Bxe6 fxe6 18. Rd1 Ng6 19. Be3 Be5 20. Qg4 Qe7 21. Rxf8+ Rxf8 22. Nh5 d5 23. d4 cxd4 24. cxd4 Bb8 25. e5 Qf7 26. Ng3 Ne7 27. Rc1 Rc8 28. Rf1 Qg6 29. Qf3 Qe8 30. h4 Nc6 31. Qg4 Qg6 32. Bg5 h6 33. Rf6 gxf6 34. Qxe6+ Kh7 35. Qxc8 fxg5 36. h5 Qb1+ 37. Kh2 Nxe5 38. Qb7+ 1-0

[Event "Titled Tuesday intern op 11th Jun Early"]
[Site "Chess.com INT"]
[Date "2024.06.11"]
[Round "7"]
[White "Korchynskyi, Mykola"]
[Black "Venkatesan, Kavin"]
[Result "1-0"]
[WhiteElo "2321"]
[BlackElo "2186"]
[PlyCount "95"]
[EventDate "2024.06.11"]
[EventType "swiss (blitz)"]
[EventRounds "11"]
[EventCountry "USA"]
[SourceTitle "EXT 2025"]
[Source "ChessBase"]
[SourceDate "2024.10.14"]
[SourceVersion "1"]
[SourceVersionDate "2024.10.14"]
[SourceQuality "1"]

1. d4 Nf6 2. c4 e6 3. Nc3 Bb4 4. Qc2 b6 5. a3 Bxc3+ 6. Qxc3 Bb7 7. Bg5 0-0 8. e3 h6 9. Bh4 c5 10. Rd1 cxd4 11. Rxd4 d5 12. Nf3 Nbd7 13. Be2 Rc8 14. 0-0 Qc7 15. Bg3 e5 16. Rh4 Ne4 17. Qc1 dxc4 18. Rd1 Nxg3 19. hxg3 e4 20. Nd4 Ne5 21. Qc3 Qe7 22. Nf5 Qf6 23. Nd6 Rc7 24. Nxe4 Bxe4 25. Rxe4 Nd7 26. Qxf6 Nxf6 27. Rxc4 Rfc8 28. Rxc7 Rxc7 29. Bd3 g6 30. f3 Nd7 31. Kf2 Ne5 32. Bb1 Re7 33. Ba2 Rc7 34. Rd2 Kg7 35. g4 Kf6 36. Rd6+ Ke7 37. Rd2 f6 38. Kg3 Rd7 39. Rc2 Nd3 40. Bb1 Nc5 41. b4 Na4 42. Rc6 g5 43. Bf5 Rb7 44. Re6+ Kf7 45. Rd6 Re7 46. Bc2 Nb2 47. Bb3+ Kg7 48. Rd2 1-0

[Event "Titled Tuesday intern op 11th Jun Early"]
[Site "Chess.com INT"]
[Date "2024.06.11"]
[Round "4"]
[White "Venkatesan, Kavin"]
[Black "Cardozo Munar, Carlos Eduardo"]
[Result "1-0"]
[WhiteElo "2186"]
[BlackElo "2060"]
[PlyCount "115"]
[EventDate "2024.06.11"]
[EventType "swiss (blitz)"]
[EventRounds "11"]
[EventCountry "USA"]
[SourceTitle "EXT 2025"]
[Source "ChessBase"]
[SourceDate "2024.10.14"]
[SourceVersion "1"]
[SourceVersionDate "2024.10.14"]
[SourceQuality "1"]

1. d4 d5 2. c4 e5 3. dxe5 d4 4. Nf3 Nc6 5. Nbd2 Nge7 6. Nb3 Nf5 7. g3 h5 8. h4 Be6 9. Bh3 Qd7 10. 0-0 Nxh4 11. Bxe6 Nxf3+ 12. exf3 Qxe6 13. Nxd4 Qxc4 14. Nxc6 Qxc6 15. Bg5 Be7 16. Bxe7 Kxe7 17. Rc1 Qb6 18. Qc2 c6 19. e6 g6 20. exf7 Kxf7 21. Qc4+ Kg7 22. Qc3+ Kh7 23. Rcd1 Qc7 24. Rfe1 Rhe8 25. Qf6 Qg7 26. Qxg7+ Kxg7 27. Rd7+ Kf6 28. Rxe8 Rxe8 29. Rxb7 Re2 30. a4 g5 31. b3 Rb2 32. Rc7 Ke5 33. Rxc6 Rxb3 34. Rc5+ Ke6 35. Rxg5 Rxf3 36. Rxh5 Rf7 37. Ra5 Kf6 38. Kg2 Kg6 39. g4 Kh6 40. Kg3 Kg6 41. f4 Rb7 42. Ra6+ Kg7 43. g5 Kh7 44. Kg4 Kg7 45. Kh5 Kh7 46. f5 Kg7 47. f6+ Kh7 48. g6+ Kg8 49. Kh6 Rb1 50. Rxa7 Rh1+ 51. Kg5 Rg1+ 52. Kf5 Rf1+ 53. Ke5 Re1+ 54. Kd4 Rd1+ 55. Ke3 Re1+ 56. Kd2 Re8 57. f7+ Kh8 58. fxe8Q# 1-0

[Event "Titled Tuesday intern op 28th May Early"]
[Site "Chess.com INT"]
[Date "2024.05.28"]
[Round "9"]
[White "Venkatesan, Kavin"]
[Black "Jodar Arias, Marlon"]
[Result "1-0"]
[WhiteElo "2198"]
[BlackElo "2190"]
[PlyCount "83"]
[EventDate "2024.05.28"]
[EventType "swiss (blitz)"]
[EventRounds "11"]
[EventCountry "USA"]
[SourceTitle "EXT 2025"]
[Source "ChessBase"]
[SourceDate "2024.10.14"]
[SourceVersion "1"]
[SourceVersionDate "2024.10.14"]
[SourceQuality "1"]

1. Nf3 d5 2. g3 Nf6 3. Bg2 g6 4. b3 Bg7 5. Bb2 0-0 6. 0-0 c6 7. c4 Bf5 8. Nc3 a5 9. Rc1 Nbd7 10. Nd4 Bg4 11. h3 e5 12. Nxc6 bxc6 13. hxg4 d4 14. Na4 Nxg4 15. Bxc6 Rc8 16. Bg2 Qg5 17. Bh3 Qh5 18. Bxg4 Qxg4 19. e3 Qh3 20. Qf3 Qe6 21. exd4 exd4 22. Rfe1 Qd6 23. c5 Qc7 24. Qd5 Ne5 25. Bxd4 Rfd8 26. Bxe5 Rxd5 27. Bxc7 Rxc7 28. Re8+ Bf8 29. Rc2 Kg7 30. c6 Bb4 31. Nb6 Rd6 32. Rc8 Ra7 33. c7 Bxd2 34. Rg8+ Kxg8 35. c8Q+ Kg7 36. Nc4 Rdd7 37. Nxd2 Re7 38. Qc3+ Kg8 39. Nf3 Rad7 40. Rd2 Rxd2 41. Qxd2 h6 42. Qxa5 1-0

[Event "Titled Tuesday intern op 28th May Early"]
[Site "Chess.com INT"]
[Date "2024.05.28"]
[Round "10"]
[White "Venkatesan, Kavin"]
[Black "Valenzuela Gomez, Fernando Alberto"]
[Result "1-0"]
[WhiteElo "2198"]
[BlackElo "2358"]
[PlyCount "39"]
[EventDate "2024.05.28"]
[EventType "swiss (blitz)"]
[EventRounds "11"]
[EventCountry "USA"]
[SourceTitle "EXT 2025"]
[Source "ChessBase"]
[SourceDate "2024.10.14"]
[SourceVersion "1"]
[SourceVersionDate "2024.10.14"]
[SourceQuality "1"]

1. d4 Nf6 2. c4 g6 3. Nc3 Bg7 4. e4 d6 5. f4 0-0 6. Nf3 c5 7. d5 Bg4 8. Be2 e6 9. dxe6 fxe6 10. 0-0 Nc6 11. Be3 Bxf3 12. Bxf3 Nd4 13. Bxd4 cxd4 14. Nb5 e5 15. fxe5 dxe5 16. c5 Qd7 17. Nd6 Ne8 18. Qb3+ Kh8 19. Bg4 Rxf1+ 20. Rxf1 1-0